| 000 | 01116nam a22002777a 4500 | ||
|---|---|---|---|
| 999 |
_c14670 _d14670 |
||
| 003 | EG-ScBUE | ||
| 005 | 20200115141311.0 | ||
| 008 | 100817s1959 ua f b 000 0 ara d | ||
| 040 |
_aEG-ScBUE _bara _erda _cEG-ScBUE _dEG-ScBUE |
||
| 082 | 0 | 4 |
_a892.71609 _bض ي ف _222 |
| 100 | 1 |
_915989 _aضيف، شوقي، _d1910-2005، _eمؤلف. |
|
| 245 | 1 | 0 |
_aدراسات في الشعر العربي المعاصر / _cالدكتور شوقي ضيف. |
| 250 | _aالطبعة الثانية، مزيدة موسعة. | ||
| 264 | 1 |
_aالقاهرة، مصر : _bدار المعارف، _c1959. |
|
| 300 |
_a288 صفحة ؛ _c24 سم. |
||
| 336 |
_2rdacontent _aنص _btxt |
||
| 337 |
_2rdamedia _aبدون وسيط _bn |
||
| 338 |
_2rdacarrier _aمجلد _bnc |
||
| 490 | 0 | _aمكتبة الدراسات الأدبية | |
| 504 | _aيشتمل على إرجاعات ببليوجرافية. | ||
| 541 |
_aألف باء ؛ _cشراء ؛ |
||
| 650 | 7 |
_aالشعر العربي _xتاريخ ونقد _yالعصر الحديث. _2BUEsh _913594 |
|
| 653 |
_bARALIT _cJanuary2020 |
||
| 655 | _vReading book | ||
| 942 |
_2ddc _cBB |
||